| 000 | 00641nam a2200241 a 4500 | ||
|---|---|---|---|
| 999 |
_c102834 _d102834 |
||
| 003 | UPN | ||
| 005 | 20240924071220.0 | ||
| 008 | 031105s1984 mx r 000 0 spa d | ||
| 020 | _a9683906249 | ||
| 035 | _aUPN01000130677 | ||
| 040 |
_aUPN _bspa _cUPN |
||
| 049 | _aI | ||
| 050 | 4 |
_aPZ71 _bB4.6 |
|
| 100 | 1 | _aBennett, Beatriz | |
| 245 | 1 | 0 |
_aOficios y más oficios / _cBeatriz Bennett ; il. Manuel Bennet. |
| 260 |
_aMéxico : _bPatria, _c1984. |
||
| 300 |
_a30 p. : _bil. |
||
| 440 | 0 |
_aPiñata. _pLa vida social |
|
| 650 | 4 |
_aLiteratura infantil _94445 |
|
| 650 | 4 |
_aOCUPACIONES _911049 |
|
| 905 | _aInfantil | ||
| 942 |
_2lcc _cLIBRO |
||